书目信息 |
| 题名: |
牛天赐传
|
|
| 作者: | 老舍 著 ;舒乙 主编 | |
| 分册: | ||
| 出版信息: | 上海 文汇出版社 2009.01 |
|
| 页数: | 229页 | |
| 开本: | 22cm | |
| 丛书名: | 老舍小说精汇 | |
| 单 册: | ||
| 中图分类: | I247.57 | |
| 科图分类: | ||
| 主题词: | 长篇小说--chang pian xiao shuo--中国--现代 | |
| 电子资源: | ||
| ISBN: | 978-7-80741-465-0 | |
| 000 | 00923nam 2200277 450 | |
| 001 | 012009047515 | |
| 005 | 20100403112759.35 | |
| 010 | @a978-7-80741-465-0@b精装@dCNY22.00 | |
| 100 | @a20100403d2009 em y0chiy0120 ea | |
| 101 | 0 | @achi |
| 102 | @aCN@b310000 | |
| 105 | @aac z 000ay | |
| 106 | @ar | |
| 200 | 1 | @a牛天赐传@Aniu tian ci chuan@f舒乙主编@Fshu yi zhu bian |
| 210 | @a上海@c文汇出版社@d2009.01 | |
| 215 | @a229页@c图, 肖像@d22cm | |
| 225 | 2 | @a老舍小说精汇@Alao she xiao shuo jing hui |
| 314 | @a版权页题: 老舍著 | |
| 330 | @a本书包括:天官赐福;歪打正着;子孙万代;钩儿套圈;解放时期;哗啷棒儿,两种生活;男女分座;换毛的鸡;开市大吉等内容。 | |
| 410 | 0 | @12001 @a老舍小说精汇 |
| 606 | 0 | @a长篇小说@Achang pian xiao shuo@y中国@z现代 |
| 690 | @aI247.57@v4 | |
| 701 | 0 | @a老舍@Alao she@4著 |
| 702 | 0 | @a舒乙@Ashu yi@4主编 |
| 801 | 0 | @aCN@bQSSK@c20100403 |
| 905 | @b773000-02@dI247.57@eL072@f3 | |
| 牛天赐传/舒乙主编.-上海:文汇出版社,2009.01 |
| 229页:图, 肖像;22cm.-(老舍小说精汇) |
| ISBN 978-7-80741-465-0(精装):CNY22.00 |
| 本书包括:天官赐福;歪打正着;子孙万代;钩儿套圈;解放时期;哗啷棒儿,两种生活;男女分座;换毛的鸡;开市大吉等内容。 |
| ● |
| 相关链接 |
|
|
|
正题名:牛天赐传
索取号:I247.57/L072
 
预约/预借
| 序号 | 登录号 | 条形码 | 馆藏地/架位号 | 状态 | 备注 |
| 1 | 773000 | 207730008 | 社科二线400B/108文学库 49排1列2层/ [索取号:I247.57/L072] | 在馆 | |
| 2 | 773001 | 207730017 | 文学库108/108文学库 49排1列2层/ [索取号:I247.57/L072] | 在馆 | |
| 3 | 773002 | 207730026 | 社科二线400B/108文学库 49排1列2层/ [索取号:I247.57/L072] | 在馆 |